000 00672nam a2200241Ia 4500
003 OSt
005 20220925221211.0
006 a|||||r|||| 00| 0
007 ta
008 220923b |||||||| |||| 00| 0 eng d
020 _a3331341127
037 _cGeneral Book
040 _aRTL
_cRTL
_beng
041 _2eng
_aeng
082 _aAogW, L3
100 _aSalomon Jean Jacques
_9129867
245 0 _aScience and politics Te by Noel Lindsay
260 _aLondon
_bMacmillan UK
_c1973
300 _axxii, 277p. Bib p. 258-67
_ccm.
650 _aNatural Science
942 _hAogW, L3
_cGB
_2CC
999 _c573591
_d573591